000 02380cam a2200625 a 4500
001 20212
003 VRT
005 20260119145929.0
008 240226s1981 xo a br 000 j slo
015 _aSNBA1982/03
020 _q(viazané)
035 _aSNK000040285
035 _aFB96BA03-3FB0-4F78-BF48-B86AD8B74E53
035 _aurn:nbn:sk:snk-am00ievf
039 9 _a202412161502
_bmsnk115
_c202402261549
_dVLOAD
_c202305011814
_dVLOAD
_c202304281414
_dVLOAD
040 _aSNK
_bslo
_cSNK
_eAACR2
041 0 _aslo
044 _axo
_cSK
_axr
_cCZ
072 7 _a821.162.4-3
_xSlovenská próza
_2konspekt
072 7 _a821-93
_xLiteratúra pre deti a mládež (beletria)
_2konspekt
080 _a885.4-3(087.5)
_21997
080 _a821.162.4-34
_22011
080 _a82-34:808.1
_22011
080 _a82-93-053.4/.5
_22011
100 1 _aOndrejov, Ľudo,
_d1901-1962
_4aut
245 1 0 _aRozprávky z hôr
_cĽudo Ondrejov ; [text pripravila Elena Šmatláková ; doslov napísal Ján Poliak ; ilustroval Ľubomír Kellenberger]
250 _a5. vyd.
260 _aBratislava
_bMladé letá
_c1981
_eBrno
_fTisk
300 _a91 strán
_bfarebné ilustrácie
_c24 cm
366 _e25000 výtl.
490 1 _aVybrané spisy Ľuda Ondrejova
500 _aIlustrácia na frontispice a predsádkach
500 _aEdičná poznámka. Vysvetlivky
521 1 _aPre čitateľov od 6 rokov
655 7 _aslovenské rozprávky
_2SNKPH
655 7 _aautorské rozprávky
_2SNKPH
655 7 _aliteratúra pre deti
_2SNKPH
700 1 _aPoliak, Ján,
_d1929-1977
_4aft
700 1 _aKellenberger, Ľubomír,
_d1921-1971
_4ill
700 1 _aŠmatláková, Elena,
_d1926-1987
_4edt
800 1 _aOndrejov, Ľudo,
_d1901-1962
_tVybrané spisy
910 _asnk
942 _2ddc
_cKLDE
_n0
949 _63869A09984
_abpksh885.4-3
_bbpksh30301
949 _63869A02730
_abpksh885.4-3
_bbpksh30435
949 _6270001000180387
_asvkbbB 9748
_p403.092
949 _63869A02729
_abpksh885.4-3
_bbpksh30434
949 _63870A04471
_abinIL 0144
_bbin4471
949 _617A0019013
_asnkSC 54424 D1
_bsnkKSP 1239/82
949 _6273K0155792
_asvkpoB 48568
_bsvkpo287851
949 _617A0855619
_asnkSC 54424
_bsnkKSP 1238/82
_s6100:20220617
949 _63869A14609
_abpksh885.4-3
_bbpksh72526
949 _63869A14630
_abpksh885.4-3
_bbpksh72547
999 _c20212
_d20212